El cultivo de la tierra y los ritos agrícolas en las Islas Trobiand. (Record no. 185757)

MARC details
000 -LEADER
campo de control de longitud fija 01237nam a22003131i 4500
001 - NÚMERO DE CONTROL
campo de control 185757
003 - IDENTIFICADOR DE NÚMERO DE CONTROL
campo de control SpMaBN
005 - FECHA Y HORA DE LA ÚLTIMA TRANSACCIÓN
campo de control 20251009170803.0
008 - DATOS DE LONGITUD FIJA--INFORMACIÓN GENERAL
campo de control de longitud fija 160805s1977 sp a |||| | spa d
020 ## - NÚMERO INTERNACIONAL ESTÁNDAR DEL LIBRO
Número Internacional Estándar del Libro 84-335-1709-0 :
Condiciones de disponibilidad 800 pts.
080 ## - NÚMERO DE LA CLASIFICACIÓN DECIMAL UNIVERSAL
Número de la Clasificación Decimal Universal 39(954 Trobiand):63
080 ## - NÚMERO DE LA CLASIFICACIÓN DECIMAL UNIVERSAL
Número de la Clasificación Decimal Universal 63:39(954 Trobiand)
100 1# - ENTRADA PRINCIPAL--NOMBRE DE PERSONA
Nombre de persona Malinowski, Bronislaw.
9 (RLIN) 75781
245 13 - MENCIÓN DEL TÍTULO
Título El cultivo de la tierra y los ritos agrícolas en las Islas Trobiand.
Nombre de parte o sección de la obra Los jardines de coral y su magia.
Número de parte o sección de la obra Primera parte /
Mención de responsabilidad, etc. Bronislaw Malinowski ; [traducción del inglés de A. Desmonts].
250 ## - MENCION DE EDICION
Mención de edición 1ª ed.
260 ## - PUBLICACIÓN, DISTRIBUCIÓN, ETC.
Lugar de publicación, distribución, etc. Barcelona :
Nombre del editor, distribuidor, etc. Labor,
Fecha de publicación, distribución, etc. 1977.
300 ## - DESCRIPCIÓN FÍSICA
Extensión 508 p. :
Otras características físicas il. ;
Dimensiones 22 cm.
490 1# - MENCIÓN DE SERIE
Mención de serie Labor universitaria.
-- Monografías
500 ## - NOTA GENERAL
Nota general Documentos y apéndices: p. 403-488.
500 ## - NOTA GENERAL
Nota general Índice.
650 #7 - PUNTO DE ACCESO ADICIONAL DE MATERIA--TÉRMINO DE MATERIA
Término de materia o nombre geográfico como elemento de entrada Antropología cultural y social-
Subdivisión geográfica Trobriand.
9 (RLIN) 160361
650 #7 - PUNTO DE ACCESO ADICIONAL DE MATERIA--TÉRMINO DE MATERIA
Término de materia o nombre geográfico como elemento de entrada Agricultura-
Subdivisión geográfica Trobriand.
9 (RLIN) 160359
651 #7 - PUNTO DE ACCESO ADICIONAL DE MATERIA--NOMBRE GEOGRÁFICO
Nombre geográfico Trobriand-
Subdivisión general Usos y costumbres.
9 (RLIN) 160360
700 1# - ENTRADA AGREGADA--NOMBRE PERSONAL
Nombre de persona Desmonts, Antonio,
Fechas asociadas al nombre 1942-
9 (RLIN) 160311
740 42 - ENTRADA AGREGADA--TÍTULO RELACIONADO/ANALÍTICO NO CONTROLADO
Título relacionado o analítico no controlado Los jardines de coral y su magia.
Número de parte o sección de la obra Primera parte.
830 00 - PUNTO DE ACCESO ADICIONAL DE SERIE-TÍTULO UNIFORME
Título uniforme Colección Labor universitaria
9 (RLIN) 178634
852 ## - LOCALIZACIÓN
Ubicación ES-MaACL
Número de control de estantería L-30521
Nota libre . - Donat. Miguel A. Velasco
Holdings
Estatus retirado Estado de pérdida Estado de daño No para préstamo Biblioteca de origen Biblioteca actual Ubicación en estantería Fecha de adquisición Fuente de adquisición Total de préstamos Signatura topográfica completa Código de barras Visto por última vez Precio de reemplazo Tipo de ítem Koha
        Biblioteca del Ateneo de Madrid Biblioteca del Ateneo de Madrid Depósito 2 05/08/2016     L-30521 1195811 23/02/2023 23/02/2023 Libro impreso